[Censo electoral] : provincia de Lérida : renovación total del Censo Electoral correspondiente al año 1930, ordenada por Real decreto de 4 de Mayo de 1930 / Servicio general de Estadística provincia de Lérida :
Descripción Física:
2 v. : taules ; 30 cm
Materias:
Lleida (Província) -- Censos
MARC
| LEADER | 00000nam a2200000Ia 4500 | ||
|---|---|---|---|
| 001 | 21863, 21864 | ||
| 008 | 160829s1930 xx 000 0 cat d | ||
| 080 | |a FOL-3-70, FOl-3-71 | ||
| 100 | |a Servicio General de Estadística (Espanya) |9 47961 | ||
| 245 | |a [Censo electoral] : |b provincia de Lérida : |b renovación total del Censo Electoral correspondiente al año 1930, ordenada por Real decreto de 4 de Mayo de 1930 / Servicio general de Estadística | ||
| 260 | |a Lleida : |b el Servicio, Tipográfica Provincial de la Casa de Misericordia, |c 1930 | ||
| 300 | |a 2 v. : |b taules ; |c 30 cm | ||
| 590 | |a Prové de 3707, 3706 | ||
| 650 | |a Lleida (Província) |x Censos |9 47963 | ||
| 866 | |a 1930, 1931 | ||
| 901 | |a Arxiu | ||
| 942 | |n 1 | ||
| 952 | |0 0 |1 0 |4 0 |6 FOL370_FOL371 |7 1 |9 54238 |a Arxiu |b Arxiu |d 2016-12-01 |l 0 |o FOL-3-70, FOl-3-71 |p 21863, 21864 |r 2016-12-01 00:00:00 |w 2016-12-01 |y ARXIU | ||
| 999 | |c 58107 |d 58107 | ||